[Event "Santa Eugenia op 10th"]
[Site "Santa Eugenia"]
[Date "2015.??.??"]
[Round "2"]
[White "Arribas Viera, David"]
[Black "Prat Bosch, Ricard"]
[Result "1/2-1/2"]
[WhiteElo "1947"]
[BlackElo "1747"]
[PlyCount "98"]
[EventDate "2015.04.17"]
[EventType "swiss"]
[EventRounds "9"]
[EventCountry "ESP"]
[SourceTitle "EXT 2016"]
[Source "ChessBase"]
[SourceDate "2015.10.08"]
[SourceVersion "1"]
[SourceVersionDate "2015.10.08"]
[SourceQuality "1"]

1. d4 d5 2. Nf3 Nf6 3. Bf4 c5 4. c3 Nc6 5. e3 Qb6 6. Na3 a6 7. Qb3 Qxb3 8. axb3 e6 9. Nb5 Kd7 10. Ne5+ Nxe5 11. dxe5 Nh5 12. Bg3 Nxg3 13. hxg3 Be7 14. c4 Rb8 15. Nc3 b5 16. cxd5 b4 17. dxe6+ fxe6 18. Ne4 Bb7 19. Nd2 Kc7 20. f3 h6 21. Bc4 Rhd8 22. Bxe6 Rd3 23. Ke2 Rbd8 24. Rad1 Bg5 25. Nc4 Rxb3 26. Rxd8 Kxd8 27. f4 Be7 28. Rd1+ Ke8 29. Nd6+ Bxd6 30. Bxb3 Be7 31. Bd5 Bc8 32. Ra1 Bd8 33. e4 a5 34. Rd1 Bg4+ 35. Kd2 Bxd1 36. Kxd1 Ke7 37. Kc2 Kd7 38. Kb3 Bc7 39. Kc4 a4 40. Kb5 a3 41. bxa3 bxa3 42. Ka4 Ke7 43. Kxa3 Ba5 44. Ka4 Be1 45. g4 Bg3 46. Kb5 Bxf4 47. Kxc5 Bxe5 48. Bg8 Kf6 49. Kd5 Bg3 1/2-1/2